| 000 | 00000nam 2200000za 4500 |
| 001 | 9.652953 |
| 003 | CaOODSP |
| 005 | 20240508142012 |
| 007 | ta |
| 008 | 150407|1988||||xxc||||| f|0| 0 eng d |
| 020 | |a0-660-54235-8 |
| 040 | |aCaOODSP|beng |
| 041 | |aeng |
| 041 | |afre |
| 043 | |an-cn--- |
| 086 | 1 |aYX44-1985/I |
| 110 | 1 |aCanada.|bStatutes. |
| 245 | 10|aRevised Statutes of Canada, 1985, Supplement I |
| 260 | |bStatutes, |c1988. |
| 520 | 3 |aIndividual statutes of the Revised Statutes of Canada 1985 are also available separately in a bound format. |
| 590 | |a88-30|b1988-07-29 |
| 776 | 0#|tLois révisées du Canada (1985). 1er supplément / |w(CaOODSP)9.676804 |
| 792 | |tLois révisées du Canada (1985), Supplément I |efre|w(CaOODSP)9.652954 |